| 000 -LEADER | |
|---|---|
| fixed length control field | 00546nam a22001817a 4500 |
| 005 - DATE AND TIME OF LATEST TRANSACTION | |
| control field | 20251204145956.0 |
| 008 - FIXED-LENGTH DATA ELEMENTS--GENERAL INFORMATION | |
| fixed length control field | 251203b |||||||| |||| 00| 0 eng d |
| 020 ## - INTERNATIONAL STANDARD BOOK NUMBER | |
| ISBN | 978-93-5466-967-5 |
| 041 ## - LANGUAGE CODE | |
| Language code of text/sound track or separate title | eng |
| 082 ## - DEWEY DECIMAL CLASSIFICATION NUMBER | |
| Classification number | 611 CHA-H |
| 100 ## - MAIN ENTRY--AUTHOR NAME | |
| Personal name | CHAURASIA'S, B.D. |
| 245 ## - TITLE STATEMENT | |
| Title | FREE WITH B.D. CHAURASIA'S HUMAN ANATOMY: WORK BOOK OF HUMAN ANATOMY [LOWER LIMB ABDOMEN AND PELVIS] [VOL-2] |
| 250 ## - EDITION STATEMENT | |
| Edition statement | 10TH ED. 2025 |
| 260 ## - PUBLICATION, DISTRIBUTION, ETC. (IMPRINT) | |
| Place of publication | NEW DELHI |
| Name of publisher | CBS PUBLISHERS PVT LTD |
| 300 ## - PHYSICAL DESCRIPTION | |
| Number of Pages | 322;P |
| 650 ## - SUBJECT ADDED ENTRY--TOPICAL TERM | |
| Topical Term | PARAMEDICAL |
| General subdivision | BMLT/BMIRT |
| 942 ## - ADDED ENTRY ELEMENTS (KOHA) | |
| Koha item type | Books |
| Lost status | Damaged status | Collection code | Home library | Current library | Shelving location | Date acquired | Source of acquisition | Cost, normal purchase price | Full call number | Accession Number | Koha item type |
|---|---|---|---|---|---|---|---|---|---|---|---|
| PARAMEDICAL | JRU Library | JRU Library | SHELF-105-A | 01/12/2025 | PURCHASE | 3240.00 | 611 CHA | 29177 | Books | ||
| PARAMEDICAL | JRU Library | JRU Library | SHELF-105-A | 01/12/2025 | PURCHASE | 3240.00 | 611 CHA | 29178 | Books | ||
| PARAMEDICAL | JRU Library | JRU Library | SHELF-105-A | 01/12/2025 | PURCHASE | 3240.00 | 611 CHA | 29179 | Books | ||
| PARAMEDICAL | JRU Library | JRU Library | SHELF-105-A | 01/12/2025 | PURCHASE | 3240.00 | 611 CHA | 29180 | Books | ||
| PARAMEDICAL | JRU Library | JRU Library | SHELF-105-A | 01/12/2025 | PURCHASE | 3240.00 | 611 CHA | 29181 | Books |